Homilía a los jóvenes
Gorde:
| Egile nagusia: | |
|---|---|
| Formatua: | Liburua |
| Hizkuntza: | Undetermined |
| Argitaratua: |
San José, Costa Rica
Colección Ariel
1913
|
| Gaiak: | |
| Etiketak: |
Etiketa erantsi
Etiketarik gabe, Izan zaitez lehena erregistro honi etiketa jartzen!
|
MARC
| LEADER | 00000nam a2200000Ia 4500 | ||
|---|---|---|---|
| 008 | 170316s9999 xx 000 0 und d | ||
| 090 | |a 230 S-3h | ||
| 100 | |a San Basilio | ||
| 245 | |a Homilía a los jóvenes | ||
| 260 | |a San José, Costa Rica | ||
| 260 | |b Colección Ariel | ||
| 260 | |c 1913 | ||
| 300 | |a 64 páginas | ||
| 650 | |a TEOLOGÍA | ||
| 999 | |c 18076 |d 18076 | ||
| 040 | |a cru BVZT | ||
| 942 | |c 15 D |h 230 S-3h |2 z | ||
